Films avec Audrey Hepburn par image - Statistiques

Statistiques générales
  • Ce quiz a été pris 227 fois
  • Le résultat moyen est 5 sur 16
Statistiques - réponses
Par images Réponse % Correct
Diamants sur canapé
88%
Vacances romaines
80%
My Fair Lady
75%
Charade
51%
Sabrina
51%
Drôle de frimousse
48%
Ariane
24%
Guerre et Paix
24%
La Rumeur
18%
Comment voler un million de dollars
17%
Always
16%
La Rose et la Flèche
16%
Au risque de se perdre
12%
Le Vent de la plaine
12%
Seule dans la nuit
12%
Vertes Demeures
5%
Aucun quiz correspondant
Distribution des résultats
% des personnes avec chaque résultat
Percentile par nombre de réponses
Votre historique - résultats
Vous n’avez pas pris ce quiz